Obtención y caracterización de un solvente producido a partir de aceite vegetal usado de cocina
Сохранить в:
| Главный автор: | |
|---|---|
| Формат: | |
| Опубликовано: |
2006
San José, C.R.
|
| Предметы: | |
| Метки: |
Добавить метку
Нет меток, Требуется 1-ая метка записи!
|
MARC
| LEADER | 00000nam a2200000Ia 4500 | ||
|---|---|---|---|
| 003 | 009745 | ||
| 005 | 20221231144122.0 | ||
| 008 | 140114s2006 cr a m 000 ||s d | ||
| 040 | |c cru CEDI | ||
| 090 | |a TFG 5273 | ||
| 100 | |a Ureña Benavides, Esteban |9 5568 | ||
| 245 | |a Obtención y caracterización de un solvente producido a partir de aceite vegetal usado de cocina | ||
| 260 | |c San José, C.R. |b 2006 | ||
| 300 | |a xii, 71, [35] hojas : ilustraciones | ||
| 500 | |a Tesis (licenciatura en ingeniería química)--Universidad de Costa Rica. Facultad de Ingeniería. Escuela de Ingeniería Química | ||
| 650 | |x APROVECHAMIENTO DE RESIDUOS |x ACEITES Y GRASAS COMESTIBLES |x INVESTIGACIONES |x DISOLVENTES |x PRUEBAS |9 5569 | ||
| 942 | |c TFG | ||
| 999 | |c 17151 |d 17151 | ||
